[Event "ROM-chT2"]
[Site "Baile Tusnad"]
[Date "2000.??.??"]
[Round "?"]
[White "Nemeth, Francisc"]
[Black "Stoica, Valentin"]
[Result "0-1"]
[WhiteElo "2284"]
[BlackElo "2458"]
[PlyCount "56"]
[EventDate "2000.??.??"]
[EventType "team"]
[EventRounds "9"]
[EventCountry "ROU"]
[SourceTitle "EXT 2001"]
[Source "ChessBase"]
[SourceDate "2000.11.22"]
[SourceVersion "1"]
[SourceVersionDate "2000.11.22"]
[SourceQuality "1"]

1. e4 c5 2. Ne2 e6 3. Nbc3 d6 4. g3 Nf6 5. Bg2 Nc6 6. 0-0 Be7 7. d3 0-0 8. h3 a6 9. f4 Qc7 10. a4 Rb8 11. g4 b5 12. axb5 axb5 13. Ng3 Nd4 14. Nce2 Nd7 15. g5 Re8 16. f5 Nxe2+ 17. Qxe2 Bf8 18. Rf4 exf5 19. Nxf5 Ne5 20. Qf2 b4 21. b3 Be6 22. Bb2 Ra8 23. Rxa8 Rxa8 24. Bxe5 dxe5 25. Rf3 Ra2 26. Kh2 Bxb3 27. Qh4 Bxc2 28. Nh6+ gxh6 0-1

[Event "ROM-chT"]
[Site "Baile Tusnad"]
[Date "1997.??.??"]
[Round "?"]
[White "Stoica, Valentin"]
[Black "Foisor, Ovidiu Doru"]
[Result "1/2-1/2"]
[WhiteElo "2460"]
[BlackElo "2440"]
[PlyCount "26"]
[EventDate "1997.??.??"]
[EventType "team"]
[EventRounds "5"]
[EventCountry "ROU"]
[SourceTitle "EXT 1999"]
[Source "ChessBase"]
[SourceDate "1998.11.16"]
[SourceVersion "1"]
[SourceVersionDate "1998.11.16"]
[SourceQuality "1"]

1. e4 e6 2. d4 d5 3. Nd2 dxe4 4. Nxe4 Bd7 5. Nf3 Bc6 6. Bd3 Nd7 7. 0-0 Ngf6 8. Ned2 Be7 9. b3 0-0 10. Bb2 a5 11. c4 a4 12. Qc2 h6 13. Rad1 Qb8 1/2-1/2

[Event "ROM-chT"]
[Site "Predeal"]
[Date "1997.??.??"]
[Round "2"]
[White "Stoica, Valentin"]
[Black "Ionescu, Constantin"]
[Result "1/2-1/2"]
[WhiteElo "2460"]
[BlackElo "2515"]
[PlyCount "38"]
[EventDate "1997.??.??"]
[EventType "team-swiss"]
[EventRounds "5"]
[EventCountry "ROU"]
[SourceTitle "EXT 2002"]
[Source "ChessBase"]
[SourceDate "2001.11.25"]
[SourceVersion "1"]
[SourceVersionDate "2001.11.25"]
[SourceQuality "1"]

1. e4 e6 2. d4 d5 3. Nd2 Nf6 4. e5 Nfd7 5. Bd3 c5 6. c3 Nc6 7. Ne2 cxd4 8. cxd4 f6 9. exf6 Qxf6 10. Nf3 h6 11. 0-0 Bd6 12. Be3 0-0 13. Bb5 Ne7 14. Rc1 Rd8 15. Qd2 Ng6 16. Rfe1 Ndf8 17. Bd3 Bd7 18. a3 Be8 19. h3 a6 1/2-1/2

[Event "ROM-chT"]
[Site "Baile Tusnad"]
[Date "1997.??.??"]
[Round "?"]
[White "Stoica, Valentin"]
[Black "Istratescu, Andrei"]
[Result "1/2-1/2"]
[WhiteElo "2460"]
[BlackElo "2545"]
[PlyCount "39"]
[EventDate "1997.??.??"]
[EventType "team"]
[EventRounds "5"]
[EventCountry "ROU"]
[SourceTitle "EXT 1999"]
[Source "ChessBase"]
[SourceDate "1998.11.16"]
[SourceVersion "1"]
[SourceVersionDate "1998.11.16"]
[SourceQuality "1"]

1. e4 c5 2. Nf3 d6 3. d4 cxd4 4. Nxd4 Nf6 5. Nc3 a6 6. f4 e6 7. Be2 Be7 8. 0-0 Qc7 9. a4 Nc6 10. Be3 0-0 11. Qe1 Nxd4 12. Bxd4 e5 13. Be3 exf4 14. Bxf4 Be6 15. Qg3 Nd7 16. Bh6 Qc5+ 17. Kh1 Qe5 18. Bf4 Qc5 19. Bh6 Qe5 20. Bf4 1/2-1/2

[Event "ROM-chT"]
[Site "Calarasi"]
[Date "1995.??.??"]
[Round "?"]
[White "Cosma, Ioan"]
[Black "Stoica, Valentin"]
[Result "1/2-1/2"]
[WhiteElo "2440"]
[BlackElo "2455"]
[PlyCount "51"]
[EventDate "1995.??.??"]
[EventType "team"]
[EventRounds "9"]
[EventCountry "ROU"]
[SourceTitle "EXT 1999"]
[Source "ChessBase"]
[SourceDate "1998.11.16"]
[SourceVersion "1"]
[SourceVersionDate "1998.11.16"]
[SourceQuality "1"]

1. d4 Nf6 2. c4 e6 3. Nf3 b6 4. g3 Ba6 5. b3 Bb4+ 6. Bd2 Be7 7. Bg2 c6 8. Bc3 d5 9. Ne5 Nfd7 10. Nxd7 Nxd7 11. Nd2 Rc8 12. 0-0 0-0 13. e4 b5 14. Re1 bxc4 15. bxc4 dxc4 16. Qc2 Re8 17. Rad1 Bf8 18. a4 c5 19. d5 exd5 20. exd5 Rxe1+ 21. Rxe1 Nb6 22. Ba5 Qd7 23. Bxb6 axb6 24. Rb1 b5 25. axb5 Bxb5 26. Nxc4 1/2-1/2

[Event "ROM-chT"]
[Site "Calarasi"]
[Date "1995.??.??"]
[Round "?"]
[White "Stoica, Valentin"]
[Black "Ardeleanu, Alin"]
[Result "1/2-1/2"]
[WhiteElo "2455"]
[BlackElo "2355"]
[PlyCount "52"]
[EventDate "1995.??.??"]
[EventType "team"]
[EventRounds "9"]
[EventCountry "ROU"]
[SourceTitle "EXT 1999"]
[Source "ChessBase"]
[SourceDate "1998.11.16"]
[SourceVersion "1"]
[SourceVersionDate "1998.11.16"]
[SourceQuality "1"]

1. e4 c5 2. Nf3 e6 3. d4 cxd4 4. Nxd4 Nc6 5. Nc3 Bb4 6. Ndb5 Nf6 7. a3 Bxc3+ 8. Nxc3 d5 9. exd5 exd5 10. Bd3 0-0 11. 0-0 d4 12. Ne2 h6 13. Bf4 Qd5 14. Ng3 Bg4 15. Qf3 Be6 16. Rfe1 Rfe8 17. Qd1 g5 18. Ne4 Nh5 19. Bg3 Rad8 20. b3 b5 21. a4 a6 22. axb5 axb5 23. Ra6 Kg7 24. Rb6 Nxg3 25. Nxg3 Qc5 26. Rxb5 Qc3 1/2-1/2

[Event "ROM-chT"]
[Site "Romania"]
[Date "1994.??.??"]
[Round "?"]
[White "Stoica, Valentin"]
[Black "Suciu, Dinu Simi"]
[Result "1-0"]
[WhiteElo "2445"]
[BlackElo "2310"]
[PlyCount "81"]
[EventDate "1994.??.??"]
[EventType "team"]
[EventRounds "10"]
[EventCountry "ROU"]
[SourceTitle "EXT 1997"]
[Source "ChessBase"]
[SourceDate "1996.11.15"]
[SourceVersion "1"]
[SourceVersionDate "1996.11.15"]
[SourceQuality "1"]

1. e4 e6 2. d4 d5 3. exd5 exd5 4. c4 Nf6 5. Nc3 g6 6. Qb3 Bg7 7. cxd5 0-0 8. Be2 Nbd7 9. Bf3 Nb6 10. Nge2 Bg4 11. Bxg4 Nxg4 12. Bf4 Qd7 13. a4 Rad8 14. d6 cxd6 15. a5 Nc8 16. 0-0 Rfe8 17. Ra4 d5 18. Rb4 b6 19. Rb5 Qc6 20. a6 Nf6 21. Be5 Nd6 22. Bxf6 Nxb5 23. Bxd8 Nxc3 24. Nxc3 Rxd8 25. Rd1 h5 26. h3 Bf6 27. Qb5 Qe6 28. Qd3 Kg7 29. Nb5 Qc8 30. Ra1 Rd7 31. Qc3 Qc4 32. Qxc4 dxc4 33. Kf1 Kf8 34. Ra4 Bxd4 35. Rxc4 Bxb2 36. Rc8+ Ke7 37. Ra8 Be5 38. Nxa7 Kd6 39. Ke2 Kc5 40. Rc8+ Bc7 41. Nb5 1-0

[Event "EU-Cup 08th round of 32"]
[Site "Porz"]
[Date "1991.06.27"]
[Round "1.2"]
[White "Stoica, Valentin"]
[Black "Hort, Vlastimil"]
[Result "1/2-1/2"]
[WhiteElo "2435"]
[BlackElo "2540"]
[PlyCount "37"]
[EventDate "1991.06.26"]
[EventType "team-match"]
[EventRounds "2"]
[EventCountry "GER"]
[SourceTitle "EXT 2020"]
[Source "ChessBase"]
[SourceDate "2019.10.17"]
[SourceVersion "1"]
[SourceVersionDate "2019.10.17"]
[SourceQuality "1"]
[WhiteTeam "Bucharest Politehnica"]
[BlackTeam "Koeln Porz"]
[WhiteTeamCountry "ROU"]
[BlackTeamCountry "GER"]

1. e4 e5 2. Nf3 Nc6 3. Bc4 Be7 4. d4 d6 5. dxe5 dxe5 6. Qxd8+ Bxd8 7. Nc3 Nge7 8. Be3 Ng6 9. 0-0-0 0-0 10. h3 Na5 11. Be2 Be6 12. Ng5 Bc4 13. b3 Bxe2 14. Nxe2 Nc6 15. Nf3 Re8 16. Rhe1 Be7 17. Kb2 Bf8 18. Rd2 f6 19. Red1 1/2-1/2

[Event "Eforie Nord"]
[Site "Eforie Nord"]
[Date "1989.??.??"]
[Round "?"]
[White "Luther, Thomas"]
[Black "Stoica, Valentin"]
[Result "1/2-1/2"]
[WhiteElo "2415"]
[BlackElo "2440"]
[PlyCount "118"]
[EventDate "1989.??.??"]
[EventType "tourn"]
[EventRounds "11"]
[EventCountry "ROU"]
[SourceTitle "EXT 2010"]
[Source "ChessBase"]
[SourceDate "2010.11.25"]
[SourceVersion "1"]
[SourceVersionDate "2010.11.25"]
[SourceQuality "1"]

1. e4 c5 2. Nf3 e6 3. d4 cxd4 4. Nxd4 Nc6 5. Nc3 d6 6. g4 Be7 7. Be3 a6 8. Qe2 Nxd4 9. Bxd4 e5 10. Be3 Nf6 11. Rg1 Be6 12. g5 Nd7 13. 0-0-0 Qa5 14. Kb1 Nb6 15. Bxb6 Qxb6 16. Nd5 Qd8 17. Qd2 Rc8 18. Rg3 0-0 19. h4 Bxd5 20. Qxd5 Qb6 21. Qd2 Rc5 22. Rd3 Rfc8 23. c3 Qc6 24. f3 b5 25. a3 g6 26. Be2 a5 27. Rd5 Qb6 28. Rxc5 Rxc5 29. Rh1 Qc6 30. b4 Rxc3 31. Kb2 axb4 32. axb4 Rc4 33. Bxc4 bxc4 34. Qd5 Qb6 35. Kc3 Qe3+ 36. Kxc4 Qxf3 37. Ra1 Qe2+ 38. Kc3 Qe3+ 39. Qd3 Qb6 40. Ra8+ Kg7 41. Qd5 Bd8 42. Kc4 h6 43. gxh6+ Kxh6 44. b5 Bc7 45. Ra2 Qg1 46. Rc2 Kg7 47. Qd3 Bb6 48. Qxd6 Bd4 49. Kd5 Qb1 50. Qc6 Qd1 51. Rc1 Qd2 52. Qc2 Qa5 53. Kc4 Qa3 54. Rb1 Qh3 55. Qd3 Qxh4 56. Kb3 Qf2 57. Kc4 Qa2+ 58. Qb3 Qe2+ 59. Qd3 Qa2+ 1/2-1/2

[Event "ROM-chT"]
[Site "Predeal"]
[Date "1989.??.??"]
[Round "?"]
[White "Radovici, Corvin"]
[Black "Stoica, Valentin"]
[Result "0-1"]
[WhiteElo "2365"]
[BlackElo "2440"]
[PlyCount "62"]
[EventDate "1989.??.??"]
[EventType "team"]
[EventRounds "9"]
[EventCountry "ROU"]
[SourceTitle "EXT 2002"]
[Source "ChessBase"]
[SourceDate "2001.11.25"]
[SourceVersion "1"]
[SourceVersionDate "2001.11.25"]
[SourceQuality "1"]

1. e4 c5 2. Nf3 d6 3. Bb5+ Bd7 4. Bxd7+ Nxd7 5. 0-0 Ngf6 6. Re1 e6 7. c3 Be7 8. d4 0-0 9. h3 Rc8 10. e5 Ne8 11. Bf4 cxd4 12. exd6 Nxd6 13. Nxd4 Nc4 14. b3 Bf6 15. Bg3 Nce5 16. Re3 Qa5 17. f4 Ng6 18. Nxe6 fxe6 19. Qxd7 Ne7 20. Qxe6+ Kh8 21. b4 Qd8 22. Kh2 a5 23. b5 g6 24. Bf2 Nf5 25. Re2 Qd1 26. Re1 Qa4 27. Re4 Qxb5 28. Nd2 Qb2 29. Rd1 Rcd8 30. Re2 Qb5 31. Rb1 Qa4 0-1

[Event "Balkaniad 20th"]
[Site "Kastela"]
[Date "1988.10.04"]
[Round "2.6"]
[White "Semkov, Semko"]
[Black "Stoica, Valentin"]
[Result "1-0"]
[WhiteElo "2470"]
[BlackElo "2440"]
[PlyCount "95"]
[EventDate "1988.10.03"]
[EventType "team-tourn"]
[EventRounds "6"]
[EventCountry "CRO"]
[SourceTitle "EXT 2015"]
[Source "ChessBase"]
[SourceDate "2014.11.20"]
[SourceVersion "1"]
[SourceVersionDate "2014.11.20"]
[SourceQuality "1"]
[WhiteTeam "Bulgaria"]
[BlackTeam "Romania"]
[WhiteTeamCountry "BUL"]
[BlackTeamCountry "ROU"]

1. d4 Nf6 2. c4 e6 3. Nc3 Bb4 4. e3 b6 5. Bd3 Bb7 6. Nf3 0-0 7. 0-0 c5 8. Na4 cxd4 9. exd4 Re8 10. a3 Bf8 11. Bg5 h6 12. Bh4 Be7 13. Re1 d6 14. Nc3 Nbd7 15. b4 Rc8 16. Rc1 a6 17. Nd2 Qc7 18. Nb3 Qb8 19. Bg3 Qa8 20. Bf1 Ne4 21. Nxe4 Bxe4 22. a4 Nf6 23. Bf4 Bc6 24. b5 Bb7 25. Be3 Nd7 26. Qg4 Nf6 27. Qd1 Nd7 28. Qd2 axb5 29. axb5 Qb8 30. Bd3 Qc7 31. Bxh6 Bf6 32. Be3 Ra8 33. c5 Bd5 34. c6 Bxb3 35. cxd7 Qxd7 36. Bg5 Qd8 37. h4 Bd5 38. Qf4 Ra4 39. Bb1 Rb4 40. Red1 Qe7 41. Rc3 Bxg5 42. hxg5 g6 43. Rh3 Qf8 44. Kh2 Rxb5 45. Rh1 Qg7 46. Kg3 Rxb1 47. Rxb1 e5 48. Qf6 1-0

[Event "ROM-ch"]
[Site "Predeal"]
[Date "1988.??.??"]
[Round "9"]
[White "Stoica, Valentin"]
[Black "Badea, Bela"]
[Result "1/2-1/2"]
[WhiteElo "2445"]
[BlackElo "2365"]
[PlyCount "56"]
[EventDate "1988.??.??"]
[EventType "tourn"]
[EventRounds "16"]
[EventCountry "ROU"]
[EventCategory "7"]
[SourceTitle "EXT 1997"]
[Source "ChessBase"]
[SourceDate "1996.11.15"]
[SourceVersion "1"]
[SourceVersionDate "1996.11.15"]
[SourceQuality "1"]

1. e4 c5 2. Nf3 d6 3. d4 cxd4 4. Nxd4 Nf6 5. Nc3 a6 6. Be3 e6 7. Be2 Qc7 8. a4 Be7 9. 0-0 0-0 10. a5 Bd7 11. f4 Nc6 12. Nb3 Nb4 13. Bf3 Bc6 14. Rf2 d5 15. e5 Ne4 16. Bxe4 dxe4 17. Bb6 Qc8 18. Nd2 Nd5 19. Nxd5 Bxd5 20. c4 Bc6 21. Qc2 Bb4 22. Nxe4 Bxe4 23. Qxe4 Bc5 24. Bxc5 Qxc5 25. g3 Rad8 26. Kg2 Rd7 27. b4 Qxb4 28. Rb1 Qc5 1/2-1/2

[Event "Timisoara"]
[Site "Timisoara"]
[Date "1987.??.??"]
[Round "?"]
[White "Stoica, Valentin"]
[Black "Foisor, Ovidiu Doru"]
[Result "1/2-1/2"]
[WhiteElo "2440"]
[BlackElo "2495"]
[PlyCount "28"]
[EventDate "1987.??.??"]
[EventType "tourn"]
[EventRounds "15"]
[EventCountry "ROU"]
[EventCategory "9"]
[SourceTitle "EXT 1997"]
[Source "ChessBase"]
[SourceDate "1996.11.15"]
[SourceVersion "1"]
[SourceVersionDate "1996.11.15"]
[SourceQuality "1"]

1. e4 e6 2. d4 d5 3. Nc3 dxe4 4. Nxe4 Bd7 5. Nf3 Bc6 6. Bd3 Nd7 7. 0-0 Ngf6 8. Neg5 Be7 9. Re1 h6 10. Nh3 0-0 11. Nf4 Nd5 12. Nh5 N5f6 13. Ne5 Nxe5 14. Nxf6+ Bxf6 1/2-1/2

[Event "Timisoara"]
[Site "Timisoara"]
[Date "1987.??.??"]
[Round "?"]
[White "Stoica, Valentin"]
[Black "Liang, Jinrong"]
[Result "1-0"]
[WhiteElo "2440"]
[BlackElo "2415"]
[PlyCount "97"]
[EventDate "1987.??.??"]
[EventType "tourn"]
[EventRounds "15"]
[EventCountry "ROU"]
[EventCategory "9"]
[SourceTitle "EXT 1997"]
[Source "ChessBase"]
[SourceDate "1996.11.15"]
[SourceVersion "1"]
[SourceVersionDate "1996.11.15"]
[SourceQuality "1"]

1. e4 c5 2. Nf3 e6 3. d4 cxd4 4. Nxd4 Nc6 5. Nb5 d6 6. c4 Nf6 7. N1c3 a6 8. Na3 Be7 9. Be2 0-0 10. 0-0 b6 11. Be3 Ne5 12. f3 Bb7 13. Qb3 Ned7 14. Rfd1 Qc7 15. Rac1 Rac8 16. Bf1 Rfe8 17. Kh1 h6 18. Bg1 Kh8 19. Ne2 Qb8 20. Nc2 Bd8 21. Nc3 Nc5 22. Qa3 Be7 23. b4 Ncd7 24. Qb3 Rg8 25. a3 g5 26. Bd4 Ba8 27. Qb2 Kh7 28. Re1 Rg6 29. Qb1 Ne5 30. Ne3 Nc6 31. Nf5 Bd8 32. b5 axb5 33. cxb5 Nxd4 34. Nxd4 Nd7 35. Na2 Ne5 36. Nb4 Kh8 37. Rxc8 Qxc8 38. Rc1 Qd7 39. Qc2 Bb7 40. Ndc6 Bf6 41. Nxe5 dxe5 42. Qc7 Qe7 43. Qxe7 Bxe7 44. Rc7 Bxb4 45. axb4 Ba8 46. Rxf7 Rg8 47. Re7 Rb8 48. h3 Bb7 49. Bc4 1-0